000 00681nam a22002057a 4500
999 _c20466
_d20466
003 AR-CdUCM
008 190530b ||||| |||| 00| 0 spa d
040 _aMUNICIPALIDAD PROVINCIAL DEL CUSCO
_cBIBLIOTECA MUNICIPAL DEL CUSCO
082 _a780.7 /
_bB73
100 _aBona, Pascuale
_942795
245 _aMetodo completo de division musical /
300 _a89 páginas ;
_bNotas musicales,
_c30 cm.
505 _aContenido : Llave del sol (violín) -- Llave de fa en 4 (bajo) -- Llave de do en 4 (tenor)...
650 _aNotas musicales
_93142
650 _aViolín
_928804
650 _aMedio triple
_942796
650 _aTenor
_942797
942 _2ddc
_cLIBROS
945 _arcc